[Event "Caro-Kann Blitz"]
[Site "SchemingMind.com"]
[Date "2007.12.17"]
[Round "-"]
[White "Stavrogin"]
[Black "ZbynioG"]
[Result "1/2-1/2"]
[WhiteCountry "GER"]
[BlackCountry "POL"]
[WhiteElo "2159"]
[WhiteRD "74"]
[BlackElo "2090"]
[BlackRD "78"]
[GameID "133831"]

1. e4 c6 2. d4 d5 3. e5 Bf5 4. Nf3 e6 5. Be2 Ne7 6. O-O Nd7 7. Nh4 Bg6 8. Be3 Nf5 9. Nxf5 Bxf5 10. Nd2 c5
11. c4 cxd4 12. Bxd4 Bc5 13. Nb3 Bxd4 14. Nxd4 Nxe5 15. Nxf5 exf5 16. Bf3 Nxf3+ 17. Qxf3 O-O= 18. cxd5 g6 19. Rfd1 Qb6 20. Rd2 Qd6
21. h4 Rfe8 22. h5 Rac8 23. Rad1 Rc4 24. Qg3 f4 25. Qf3 Kg7 26. Rd4 Rxd4 27. Rxd4 g5 28. Rd1 Kh6 29. a3 f5 30. b4 g4
31. Qc3 Kxh5 32. Qc5 Qxc5=
1/2-1/2

[Event "Caro-Kann Blitz"]
[Site "SchemingMind.com"]
[Date "2007.12.17"]
[Round "-"]
[White "Stavrogin"]
[Black "jedeve"]
[Result "1-0"]
[WhiteCountry "GER"]
[BlackCountry "NED"]
[WhiteElo "2159"]
[WhiteRD "74"]
[BlackElo "1614"]
[BlackRD "83"]
[GameID "133832"]

1. e4 c6 2. d4 d5 3. e5 Bf5 4. Nf3 e6 5. Be2 f6 6. O-O Nd7 7. Nbd2 Bb4 8. c3 Ba5 9. exf6 Ngxf6 10. Re1 O-O
11. Nh4 Ne4 12. Nxf5 Rxf5 13. Nxe4 dxe4 14. Bg4 Rf8 15. Bxe6+ Kh8 16. Rxe4 Nf6 17. Rh4 Bc7 18. Bg5 Qd6 19. Qd3 h6 20. Bxh6 Qxe6
21. Qg6 Qe7 22. Bxg7+ Kg8 23. Rh8#
1-0

[Event "Caro-Kann Blitz"]
[Site "SchemingMind.com"]
[Date "2007.12.17"]
[Round "-"]
[White "Stavrogin"]
[Black "mmccaffe"]
[Result "1-0"]
[WhiteCountry "GER"]
[BlackCountry "USA"]
[WhiteElo "2129"]
[WhiteRD "82"]
[BlackElo "1494"]
[BlackRD "66"]
[GameID "133833"]

1. e4 c6 2. d4 d5 3. e5 Bf5 4. Nf3 e6 5. Be2 Nd7 6. O-O Qc7 7. Be3 c5 8. c4 Ne7 9. Nc3 dxc4 10. Nb5 Qd8
11. Nd6#
1-0

[Event "Caro-Kann Blitz"]
[Site "SchemingMind.com"]
[Date "2007.12.19"]
[Round "-"]
[White "jdcald13"]
[Black "Stavrogin"]
[Result "1/2-1/2"]
[WhiteCountry "USA"]
[BlackCountry "GER"]
[WhiteElo "1953"]
[WhiteRD "49"]
[BlackElo "2143"]
[BlackRD "78"]
[GameID "133834"]

1. e4 c6 2. d4 d5 3. e5 Bf5 4. Nf3 e6 5. Be2 Nd7 6. O-O Bg6 7. c3 Be7 8. Re1 Rc8 9. Bf4 Nh6 10. Bxh6 gxh6
11. Nbd2 O-O 12. Nf1 c5 13. Qd2 Bg5 14. Nxg5 Qxg5 15. Qxg5 hxg5 16. Rac1 Rc7 17. Bb5 Rfc8 18. Bxd7 Rxd7 19. dxc5 Rxc5 20. Nd2 g4
21. Nb3 Rb5 22. Re2 a6 23. Nd4 Ra5 24. a3 Rc7 25. f3 gxf3 26. gxf3 Ra4 27. Rce1 Kf8 28. Kf2 b5 29. Kg3 Rc5 30. Kf4 a5
31. h4 b4 32. axb4 axb4 33. b3 Ra7 34. cxb4 Rc8 35. Kg5 Rb7 36. b5 Bd3 37. Rd2 Bxb5 38. Kf6 Kg8 39. Rg1+ Kh8 40. Rdg2 Bd3
41. h5 h6 42. Rg7 Rf8 43. Nc6 Bh7 44. b4 d4 45. Ne7 Rxb4 46. Rxf7 Rxf7+ 47. Kxf7 d3 48. Ng6+ Bxg6+ 49. Rxg6 Rf4+ 50. Kxe6 Rxf3
51. Rxh6+ Kg7 52. Rg6+ Kf8 53. h6 Rh3 54. Kd7 Rh5 55. Rd6=
1/2-1/2

[Event "Caro-Kann Blitz"]
[Site "SchemingMind.com"]
[Date "2007.12.17"]
[Round "-"]
[White "Shaka"]
[Black "Stavrogin"]
[Result "0-1"]
[WhiteCountry "VEN"]
[BlackCountry "GER"]
[WhiteElo "1694"]
[WhiteRD "67"]
[BlackElo "2159"]
[BlackRD "74"]
[GameID "133835"]

1. e4 c6 2. d4 d5 3. exd5 cxd5 4. c4 Nf6 5. Nc3 e6 6. Bg5 Be7 7. Nf3 Nc6 8. Ne5 O-O 9. Be2 dxc4 10. Nxc6 bxc6
11. O-O Rb8 12. Qa4 Rxb2 13. Bxc4 Nd5 14. Bxe7 Qxe7 15. Ne4 Nb6
0-1

[Event "Caro-Kann Blitz"]
[Site "SchemingMind.com"]
[Date "2007.12.17"]
[Round "-"]
[White "Daniel Reboredo"]
[Black "Stavrogin"]
[Result "0-1"]
[WhiteCountry "ARG"]
[BlackCountry "GER"]
[WhiteElo "1837"]
[WhiteRD "85"]
[BlackElo "2159"]
[BlackRD "74"]
[GameID "133836"]

1. e4 c6 2. d4 d5 3. exd5 cxd5 4. Bd3 Nc6 5. c3 Nf6 6. Nf3 Bg4 7. Bf4 e6 8. Nbd2 Bd6 9. Bxd6 Qxd6 10. h3 Bh5
11. O-O O-O 12. Re1 a6 13. Bc2 Rfc8 14. Nf1 Bxf3 15. gxf3 b5 16. Qd3 b4 17. Ng3 g6 18. Kg2 Rc7 19. h4 Qf4 20. h5 a5
21. hxg6 hxg6 22. Rh1 Kg7 23. Rag1 Rh8 24. Rxh8 Kxh8 25. Ne2 Qg5+ 26. Kf1 Qh4 27. Ng3 Nh5 28. Nxh5 Qxh5 29. Qe3 Qh3+ 30. Ke2 Kg7
31. Qg5 Nxd4+
0-1

[Event "Caro-Kann Blitz"]
[Site "SchemingMind.com"]
[Date "2007.12.17"]
[Round "-"]
[White "ZbynioG"]
[Black "Stavrogin"]
[Result "1-0"]
[WhiteCountry "POL"]
[BlackCountry "GER"]
[WhiteElo "2090"]
[WhiteRD "78"]
[BlackElo "2159"]
[BlackRD "74"]
[GameID "133837"]

1. e4 c6 2. d4 d5 3. Nc3 dxe4 4. Nxe4 Nd7 5. Nf3 Ngf6 6. Ng3 e6 7. Bd3 c5 8. O-O cxd4 9. Nxd4 Be7 10. Re1 O-O
11. Qe2 Nc5 12. Rd1 Nxd3 13. Rxd3 Qb6 14. c4 Bd7 15. Bf4 Rfd8 16. Rad1 Be8 17. Ngf5 Bf8 18. Nh6+ Kh8 19. Bg5 Rd7 20. Bxf6 gxf6
21. Qh5 f5 22. Rg3 Bg7 23. Rxg7 Kxg7 24. Qg5+ Kf8 25. Qf6 Rc8 26. Nhxf5 exf5 27. Qh8+ Ke7 28. Re1+
1-0

[Event "Caro-Kann Blitz"]
[Site "SchemingMind.com"]
[Date "2007.12.17"]
[Round "-"]
[White "jedeve"]
[Black "Stavrogin"]
[Result "0-1"]
[WhiteCountry "NED"]
[BlackCountry "GER"]
[WhiteElo "1614"]
[WhiteRD "83"]
[BlackElo "2159"]
[BlackRD "74"]
[GameID "133838"]

1. e4 c6 2. d4 d5 3. exd5 cxd5 4. c4 Nf6 5. Nc3 e6 6. Nf3 Bb4 7. Bd2 Nc6 8. a3 Be7 9. cxd5 Nxd5 10. Bb5 O-O
11. O-O Qb6 12. Nxd5 exd5 13. Bxc6 Qxc6 14. Ne5 Qb6 15. Bc3 Be6 16. Qd2 Rfc8 17. Rab1 Qb3 18. Nd3 Bf5 19. Qd1 Qb5 20. Re1 Bxd3
21. Rxe7 Bxb1 22. Qxb1 Rxc3 23. b4 Qc6 24. Re1 Rc8 25. g3 Rc1 26. Rxc1 Qxc1+
0-1

[Event "Caro-Kann Blitz"]
[Site "SchemingMind.com"]
[Date "2007.12.17"]
[Round "-"]
[White "mmccaffe"]
[Black "Stavrogin"]
[Result "0-1"]
[WhiteCountry "USA"]
[BlackCountry "GER"]
[WhiteElo "1494"]
[WhiteRD "66"]
[BlackElo "2129"]
[BlackRD "82"]
[GameID "133839"]

1. e4 c6 2. d4 d5 3. exd5 cxd5 4. Bd3 Nc6 5. c3 Nf6 6. h3 e5 7. dxe5 Nxe5 8. Nf3 Bd6 9. O-O O-O 10. Nxe5 Bxe5
11. Re1 Bc7 12. Bg5 Qd6 13. Nd2 Qh2+ 14. Kf1 Bxh3 15. gxh3 Qxh3+ 16. Ke2 Rfe8+ 17. Be3 Rxe3+
0-1

[Event "Caro-Kann Blitz"]
[Site "SchemingMind.com"]
[Date "2007.12.18"]
[Round "-"]
[White "fouche"]
[Black "jdcald13"]
[Result "0-1"]
[WhiteCountry "COL"]
[BlackCountry "USA"]
[WhiteElo "1612"]
[WhiteRD "59"]
[BlackElo "1948"]
[BlackRD "47"]
[GameID "134060"]

1. e4 c6 2. d4 d5 3. Nc3 dxe4 4. Nxe4 Bf5 5. Ng3 Bg6 6. Nf3 Nd7 7. h4 h6 8. h5 Bh7 9. Bd3 Bxd3 10. Qxd3 Qc7
11. Bd2 Ngf6 12. O-O-O e6 13. Rhe1 O-O-O 14. Qb3 c5 15. dxc5 Bxc5
0-1

[Event "Caro-Kann Blitz"]
[Site "SchemingMind.com"]
[Date "2007.12.18"]
[Round "-"]
[White "fouche"]
[Black "Stavrogin"]
[Result "0-1"]
[WhiteCountry "COL"]
[BlackCountry "GER"]
[WhiteElo "1639"]
[WhiteRD "67"]
[BlackElo "2129"]
[BlackRD "82"]
[GameID "134062"]

1. e4 c6 2. d4 d5 3. Nc3 dxe4 4. Nxe4 Nd7 5. Nf3 Ngf6 6. Ng3 e6 7. Bd3 c5 8. c3 cxd4 9. cxd4 Be7 10. O-O O-O
11. Bd2 b6 12. Rc1 Bb7 13. Qa4 Nc5 14. Bxh7+ Nxh7 15. dxc5 Bxc5 16. b4 Bd6 17. Nd4 Bxg3 18. hxg3 Qxd4 19. Be3 Qe4
0-1

[Event "Caro-Kann Blitz"]
[Site "SchemingMind.com"]
[Date "2007.12.18"]
[Round "-"]
[White "fouche"]
[Black "Daniel Reboredo"]
[Result "0-1"]
[WhiteCountry "COL"]
[BlackCountry "ARG"]
[WhiteElo "1612"]
[WhiteRD "59"]
[BlackElo "1837"]
[BlackRD "85"]
[GameID "134063"]

1. e4 c6 2. d4 d5 3. Nc3 dxe4 4. Nxe4 Bf5 5. Ng3 Bg6 6. Nf3 Nf6 7. h4 h6 8. h5 Bh7 9. Bd3 Bxd3 10. Qxd3 e6
11. O-O Bd6 12. Ne5 Nbd7 13. Re1 O-O 14. Bd2 c5 15. c3 cxd4 16. cxd4 Nxe5 17. dxe5 Bxe5 18. Qxd8 Rfxd8 19. Bxh6 Bxg3 20. fxg3 gxh6
21. Re5 Rd5 22. Rae1 Rad8 23. Kf1 Rxe5
0-1

[Event "Caro-Kann Blitz"]
[Site "SchemingMind.com"]
[Date "2007.12.19"]
[Round "-"]
[White "fouche"]
[Black "ZbynioG"]
[Result "0-1"]
[WhiteCountry "COL"]
[BlackCountry "POL"]
[WhiteElo "1612"]
[WhiteRD "59"]
[BlackElo "2090"]
[BlackRD "78"]
[GameID "134064"]

1. e4 c6 2. d4 d5 3. Nc3 dxe4 4. Nxe4 Nf6 5. Ng3 g6 6. Nf3 Bg7 7. Bd3 O-O 8. O-O Nbd7 9. c3 Qc7 10. Bd2 Re8
11. Re1 Nd5 12. Qc1 c5 13. Bh6 N7f6 14. Bxg7 Kxg7 15. Ne5 cxd4 16. cxd4 Qxc1 17. Rexc1 Rd8 18. a3 Nf4 19. Bc4 Be6 20. Bxe6 Nxe6
21. Rc4 Rxd4 22. Rac1 Rad8 23. h3 Rd1+ 24. Nf1 Rxc1 25. Rxc1 Ne4 26. Ne3 f6 27. Nf3 f5 28. Ne5 Nd2 29. Rc2 Kf6 30. N5c4 Nb3
31. a4 Ned4
0-1

[Event "Caro-Kann Blitz"]
[Site "SchemingMind.com"]
[Date "2007.12.19"]
[Round "-"]
[White "fouche"]
[Black "jedeve"]
[Result "1-0"]
[WhiteCountry "COL"]
[BlackCountry "NED"]
[WhiteElo "1612"]
[WhiteRD "59"]
[BlackElo "1614"]
[BlackRD "83"]
[GameID "134065"]

1. e4 c6 2. d4 d5 3. Nc3 dxe4 4. Nxe4 Nf6 5. Ng3 Bg4 6. Nf3 e6 7. Bd3 Bb4+ 8. c3 Bd6 9. O-O O-O 10. Bg5 Nbd7
11. h3 Bh5 12. Nxh5 h6 13. Nxf6+ Nxf6 14. Bxf6 Qxf6 15. Re1 Rfe8 16. Ne5 Rad8 17. Qh5 a6 18. Rad1 Qf4 19. Re4 Qg5 20. Qxg5 hxg5
21. Rde1 f6 22. Nc4 Bc7 23. Rxe6 Kf7 24. Rxe8 Rxe8 25. Bg6+
1-0

[Event "Caro-Kann Blitz"]
[Site "SchemingMind.com"]
[Date "2007.12.18"]
[Round "-"]
[White "fouche"]
[Black "mmccaffe"]
[Result "0-1"]
[WhiteCountry "COL"]
[BlackCountry "USA"]
[WhiteElo "1612"]
[WhiteRD "59"]
[BlackElo "1567"]
[BlackRD "55"]
[GameID "134066"]

1. e4 c6 2. d4 d5 3. Nc3 dxe4 4. Nxe4 Nd7 5. Nf3 Ngf6 6. Ng3 e6 7. Bd3 Be7 8. O-O O-O 9. c4 Qc7 10. Bd2 b6
11. Rc1 c5 12. Ne4 Nxe4 13. Bxe4 Bb7 14. d5 exd5 15. cxd5 Nf6 16. Qe2 Bxd5 17. Bxd5 Nxd5 18. b4 Qb7 19. bxc5 Bxc5 20. Rfd1 Rfe8
0-1

[Event "Caro-Kann Blitz"]
[Site "SchemingMind.com"]
[Date "2007.12.18"]
[Round "-"]
[White "jdcald13"]
[Black "fouche"]
[Result "1-0"]
[WhiteCountry "USA"]
[BlackCountry "COL"]
[WhiteElo "1948"]
[WhiteRD "47"]
[BlackElo "1612"]
[BlackRD "59"]
[GameID "134067"]

1. e4 c6 2. d4 d5 3. f3 dxe4 4. fxe4 Nd7 5. Nf3 e6 6. Bd3 Ngf6 7. O-O Be7 8. Ng5 Qb6 9. c3 h6 10. Nxf7 Kxf7
11. e5 Nxe5 12. Qh5+ g6 13. Qxe5 Qd8 14. Nd2 Bd6 15. Rxf6+ Qxf6 16. Qxd6
1-0

[Event "Caro-Kann Blitz"]
[Site "SchemingMind.com"]
[Date "2007.12.18"]
[Round "-"]
[White "Stavrogin"]
[Black "fouche"]
[Result "1-0"]
[WhiteCountry "GER"]
[BlackCountry "COL"]
[WhiteElo "2129"]
[WhiteRD "82"]
[BlackElo "1639"]
[BlackRD "67"]
[GameID "134069"]

1. e4 c6 2. d4 d5 3. e5 Bf5 4. Nf3 e6 5. Be2 Ne7 6. O-O Nd7 7. Be3 Qb6 8. b3 O-O-O 9. c4 f6 10. Nc3 Qc7
11. Rc1 Kb8 12. Bf4 h6 13. Bg3 Bg4 14. exf6 e5 15. fxe7 Bxe7 16. Nxe5 Nxe5 17. Bxe5 Bd6 18. Bxd6
1-0

[Event "Caro-Kann Blitz"]
[Site "SchemingMind.com"]
[Date "2007.12.18"]
[Round "-"]
[White "Daniel Reboredo"]
[Black "fouche"]
[Result "1-0"]
[WhiteCountry "ARG"]
[BlackCountry "COL"]
[WhiteElo "1837"]
[WhiteRD "85"]
[BlackElo "1612"]
[BlackRD "59"]
[GameID "134070"]

1. e4 c6 2. d4 d5 3. exd5 cxd5 4. Bd3 Nf6 5. Nf3 Nc6 6. c3 Bg4 7. Bf4 e6 8. Nbd2 Be7 9. O-O O-O 10. Qb3 Bxf3
11. Nxf3 b6 12. Rac1 Na5 13. Qc2 Nc4 14. Ne5 Nd6 15. Nc6
1-0

[Event "Caro-Kann Blitz"]
[Site "SchemingMind.com"]
[Date "2007.12.19"]
[Round "-"]
[White "ZbynioG"]
[Black "fouche"]
[Result "1-0"]
[WhiteCountry "POL"]
[BlackCountry "COL"]
[WhiteElo "2090"]
[WhiteRD "78"]
[BlackElo "1612"]
[BlackRD "59"]
[GameID "134071"]

1. e4 c6 2. d4 d5 3. e5 Bf5 4. Nc3 e6 5. g4 Bg6 6. Nge2 f5 7. Nf4 Bf7 8. gxf5 Qd7 9. fxe6 Bxe6 10. Bd3 Ne7
11. Nxe6 Qxe6 12. Qf3 Nd7 13. Bg5 O-O-O 14. O-O-O h6 15. Bd2 g5 16. Rhg1 Bg7 17. Qg3 Rdf8 18. h4 Rhg8 19. hxg5 hxg5 20. Ne2 Bh6
21. Rdf1 Nf5 22. Qg4 Ng7 23. Qxe6 Nxe6 24. b3 Rf3 25. Rg3 Rxg3 26. fxg3 c5 27. Bf5 Nxd4 28. Nxd4 cxd4 29. Rh1 Bg7 30. e6 Nc5
31. e7+ Nd7 32. Rh7 Kc7 33. Rxg7
1-0

[Event "Caro-Kann Blitz"]
[Site "SchemingMind.com"]
[Date "2007.12.19"]
[Round "-"]
[White "jedeve"]
[Black "fouche"]
[Result "0-1"]
[WhiteCountry "NED"]
[BlackCountry "COL"]
[WhiteElo "1614"]
[WhiteRD "83"]
[BlackElo "1612"]
[BlackRD "59"]
[GameID "134072"]

1. e4 c6 2. d4 d5 3. Nc3 dxe4 4. Nxe4 Nf6 5. Nxf6+ gxf6 6. Nf3 Bg4 7. Be2 Nd7 8. O-O Qc7 9. Re1 O-O-O 10. h3 Bh5
11. Bd2 e5 12. a3 e4 13. Nh2 Bxe2 14. Qxe2 f5 15. Qh5 Bd6 16. Nf1 f4 17. Qxf7 Rde8 18. Qb3 Nf6 19. Rad1 Rhg8 20. Kh1 Rg7
21. f3 Reg8 22. Qe6+ Nd7 23. Re2 exf3 24. Qe8+ Qd8 25. Qxd8+ Kxd8 26. Rf2 fxg2+
0-1

[Event "Caro-Kann Blitz"]
[Site "SchemingMind.com"]
[Date "2007.12.18"]
[Round "-"]
[White "mmccaffe"]
[Black "fouche"]
[Result "1-0"]
[WhiteCountry "USA"]
[BlackCountry "COL"]
[WhiteElo "1567"]
[WhiteRD "55"]
[BlackElo "1612"]
[BlackRD "59"]
[GameID "134073"]

1. e4 c6 2. d4 d5 3. exd5 cxd5 4. Bd3 Nf6 5. c3 e6 6. Bg5 Be7 7. Nf3 Nbd7 8. Nbd2 O-O 9. O-O b6 10. Qc2 h6
11. Bf4 Bb7 12. Rae1 Rc8 13. g4 Nxg4 14. Kh1 e5 15. dxe5 Re8 16. Bf5 Nxf2+ 17. Rxf2 d4 18. Be4 Bxe4 19. Qxe4 dxc3 20. bxc3
1-0

[Event "Caro-Kann Blitz"]
[Site "SchemingMind.com"]
[Date "2007.12.18"]
[Round "-"]
[White "badbishop"]
[Black "jdcald13"]
[Result "1/2-1/2"]
[WhiteCountry "POL"]
[BlackCountry "USA"]
[WhiteElo "2236"]
[WhiteRD "69"]
[BlackElo "1948"]
[BlackRD "47"]
[GameID "134134"]

1. e4 c6 2. d4 d5 3. e5 Bf5 4. Nc3 Qb6 5. Bd3 Bxd3 6. Qxd3 e6 7. Nge2 c5 8. dxc5 Bxc5 9. O-O Nc6 10. Qg3 Bf8
11. a3 Nge7 12. b4 Nf5 13. Qf4 Nxe5 14. Nxd5 Qd6 15. Bb2 Qxd5 16. Bxe5 Bd6 17. Bxd6 Qxd6 18. Qe4 Qc7 19. c4 O-O 20. c5 Rfd8
21. Rfd1 a5 22. Qc4 axb4 23. axb4 Rxa1 24. Rxa1 Qe5 25. Rc1 Rd2 26. Ng3 Nxg3 27. hxg3 Qb2 28. Rf1 g6 29. Qb5 Rd4 30. Qxb7 Rxb4
31. Qa8+ Kg7 32. Qa1 Qxa1 33. Rxa1 Rc4 34. Ra5 h5 35. Kf1 Rc2 36. Rb5 Kf6 37. Ra5 e5 38. Ra6+ Kf5 39. Ra7 Rxc5=
1/2-1/2

[Event "Caro-Kann Blitz"]
[Site "SchemingMind.com"]
[Date "2007.12.19"]
[Round "-"]
[White "badbishop"]
[Black "Shaka"]
[Result "1-0"]
[WhiteCountry "POL"]
[BlackCountry "VEN"]
[WhiteElo "2236"]
[WhiteRD "69"]
[BlackElo "1694"]
[BlackRD "67"]
[GameID "134135"]

1. e4 c6 2. d4 d5 3. e5 Bf5 4. Nc3 e6 5. g4 Bg6 6. Nge2 Nd7 7. h4 h6 8. Be3 c5 9. Nf4 Bh7 10. dxc5 a6
11. Bg2 Bxc5 12. Bxc5 Nxc5 13. Qd4 Rc8 14. O-O-O Ne7 15. Nh5 O-O 16. f4 b5 17. f5 exf5 18. Nf6+ Kh8 19. Nxh7 Kxh7 20. gxf5 Nxf5
21. Qf4 Ne7 22. Nxd5 Nxd5 23. Bxd5 Qa5 24. Rhg1 Qa4 25. Qg3 g6 26. Bxf7 Rc6 27. e6 Qxc2+ 28. Kxc2 Ne4+ 29. Kb1 Nxg3 30. e7
1-0

[Event "Caro-Kann Blitz"]
[Site "SchemingMind.com"]
[Date "2007.12.19"]
[Round "-"]
[White "badbishop"]
[Black "fouche"]
[Result "1-0"]
[WhiteCountry "POL"]
[BlackCountry "COL"]
[WhiteElo "2236"]
[WhiteRD "69"]
[BlackElo "1612"]
[BlackRD "59"]
[GameID "134136"]

1. e4 c6 2. d4 d5 3. e5 Bf5 4. Nc3 e6 5. g4 Bg6 6. Nge2 f5 7. Nf4 Ne7 8. Nxe6 Qd7 9. Nc5 Qc8 10. g5 b6
11. Nd3 Nd7 12. e6 Nb8 13. Nf4 Na6 14. h4 h6 15. Bxa6 Qxa6 16. Nxg6 Nxg6 17. Qh5 O-O-O 18. Qxg6 hxg5 19. Bxg5
1-0

[Event "Caro-Kann Blitz"]
[Site "SchemingMind.com"]
[Date "2007.12.19"]
[Round "-"]
[White "badbishop"]
[Black "Stavrogin"]
[Result "1-0"]
[WhiteCountry "POL"]
[BlackCountry "GER"]
[WhiteElo "2246"]
[WhiteRD "70"]
[BlackElo "2143"]
[BlackRD "78"]
[GameID "134137"]

1. e4 c6 2. d4 d5 3. e5 Bf5 4. Nc3 e6 5. g4 Bg6 6. Nge2 c5 7. h4 h5 8. Nf4 Bh7 9. Nxh5 cxd4 10. Nb5 Nc6
11. Nxd4 Nge7 12. c3 a6 13. Bg5 Qb6 14. Nxc6 Nxc6 15. Qe2 d4 16. Bg2 d3 17. Qe3 Qxe3+ 18. Bxe3 Nxe5 19. Bf4 Nc6 20. Kd2 O-O-O
21. Bg3 Rg8 22. Rae1 Rd7 23. Be4 Bxe4 24. Rxe4 Bc5 25. b4 Be7 26. a4 g6 27. Nf4 g5 28. Ng2 gxh4 29. Bxh4 Rh8 30. Ree1 Bd6
31. Bf6 Rxh1 32. Rxh1 Be5 33. Bg5 Bg7 34. f4 f6 35. Bh6 e5 36. Bxg7 Rxg7 37. Rh4 f5 38. g5 exf4 39. Nxf4 Ne5 40. Rh8+ Kd7
41. Rb8 Kc7 42. Ne6+ Kxb8 43. Nxg7 Nf3+ 44. Kxd3 Nxg5 45. Nxf5 b6 46. Kd4 Kc7 47. Kd5 Nh3 48. Nd4 Nf4+ 49. Ke4 Ng6 50. Kf5 Ne7+
51. Ke6 Ng6 52. Kf6
1-0

[Event "Caro-Kann Blitz"]
[Site "SchemingMind.com"]
[Date "2007.12.19"]
[Round "-"]
[White "badbishop"]
[Black "Daniel Reboredo"]
[Result "1/2-1/2"]
[WhiteCountry "POL"]
[BlackCountry "ARG"]
[WhiteElo "2236"]
[WhiteRD "69"]
[BlackElo "1837"]
[BlackRD "85"]
[GameID "134138"]

1. e4 c6 2. d4 d5 3. e5 Bf5 4. Nc3 e6 5. g4 Bg6 6. Nge2 Ne7 7. Nf4 c5 8. dxc5 Nbc6 9. h4 Nxe5 10. Bb5+ N7c6
11. Qe2 a6 12. Bxc6+ Nxc6 13. Be3 d4 14. O-O-O Qf6 15. Nxg6 hxg6 16. Bg5 Qe5 17. Qxe5 Nxe5 18. Ne4 Nc6 19. h5 gxh5 20. gxh5 f5
21. Nd6+ Bxd6 22. cxd6 Kd7 23. h6 gxh6 24. Bf6 Rh7 25. Bxd4 Nxd4 26. Rxd4 Rg8 27. Rh3 Rg4 28. Rd1 Rc4 29. Rb3 b5 30. Ra3 Rc6
31. Rh3 Rxd6 32. Ra3 Ke7 33. Rxd6 Kxd6 34. Rxa6+ Ke5 35. Kd2 h5 36. Ra3 h4 37. Rh3 Kf4 38. f3 e5 39. Ke2 e4 40. fxe4 fxe4
41. Kf2 Kg4 42. Re3 Kf4 43. Rh3 Kg4 44. Re3=
1/2-1/2

[Event "Caro-Kann Blitz"]
[Site "SchemingMind.com"]
[Date "2007.12.19"]
[Round "-"]
[White "badbishop"]
[Black "ZbynioG"]
[Result "1/2-1/2"]
[WhiteCountry "POL"]
[BlackCountry "POL"]
[WhiteElo "2236"]
[WhiteRD "69"]
[BlackElo "2090"]
[BlackRD "78"]
[GameID "134139"]

1. e4 c6 2. d4 d5 3. e5 Bf5 4. Nc3 e6 5. g4 Bg6 6. Nge2 Ne7 7. f4 h5 8. f5 Bh7 9. Bg5 hxg4 10. fxe6 fxe6
11. Nf4 Bf5 12. Bd3 Qd7 13. Na4 b6 14. Bxf5 Nxf5 15. Qxg4 c5 16. O-O-O cxd4 17. Ng6 Rh7 18. Rhf1 Nc6 19. Rf2 Qf7 20. Nxf8 Kxf8
21. Re1 Kg8 22. h4 Qf8 23. Ref1 Qc8 24. Kb1 Nxe5 25. Qe2 Nf7 26. Re1 N5d6 27. b3 b5 28. Nc5 Nxg5 29. hxg5 Qxc5 30. Qxe6+ Kh8
31. g6 d3 32. Ref1 Ne4 33. Qc6 dxc2+ 34. Kc1 Qa3+ 35. Kxc2 Qxa2+ 36. Kc1 Qa3+=
1/2-1/2

[Event "Caro-Kann Blitz"]
[Site "SchemingMind.com"]
[Date "2007.12.19"]
[Round "-"]
[White "badbishop"]
[Black "jedeve"]
[Result "1-0"]
[WhiteCountry "POL"]
[BlackCountry "NED"]
[WhiteElo "2236"]
[WhiteRD "69"]
[BlackElo "1614"]
[BlackRD "83"]
[GameID "134140"]

1. e4 c6 2. d4 d5 3. e5 Bf5 4. Nc3 e6 5. g4 Bg6 6. Nge2 c5 7. h4 h6 8. Be3 Nc6 9. dxc5 Nxe5 10. Nf4 Bh7
11. Bb5+ Nc6 12. Qe2 Ne7 13. O-O-O a6 14. Ba4 Ng6 15. Nfxd5 exd5 16. Nxd5 Be7 17. h5 Ne5 18. f4 Nd7 19. Nb6
1-0

[Event "Caro-Kann Blitz"]
[Site "SchemingMind.com"]
[Date "2007.12.18"]
[Round "-"]
[White "badbishop"]
[Black "mmccaffe"]
[Result "1-0"]
[WhiteCountry "POL"]
[BlackCountry "USA"]
[WhiteElo "2236"]
[WhiteRD "69"]
[BlackElo "1567"]
[BlackRD "55"]
[GameID "134141"]

1. e4 c6 2. d4 d5 3. e5 Bf5 4. Nc3 e6 5. g4 Bg6 6. Nge2 h6 7. h4 Nd7 8. Be3 c5 9. f4 cxd4 10. Nxd4 Ne7
11. Bh3 h5 12. f5 exf5 13. gxf5 Bh7 14. e6 fxe6 15. Nxe6 Qc8 16. Qxh5+ g6 17. fxg6 Nxg6 18. Nxd5
1-0

[Event "Caro-Kann Blitz"]
[Site "SchemingMind.com"]
[Date "2007.12.18"]
[Round "-"]
[White "jdcald13"]
[Black "badbishop"]
[Result "0-1"]
[WhiteCountry "USA"]
[BlackCountry "POL"]
[WhiteElo "1948"]
[WhiteRD "47"]
[BlackElo "2236"]
[BlackRD "69"]
[GameID "134142"]

1. e4 c6 2. d4 d5 3. e5 Bf5 4. Nc3 e6 5. g4 Bg6 6. Nge2 c5 7. h4 h5 8. Nf4 Bh7 9. Nxh5 cxd4 10. Nb5 Nc6
11. Nxd4 Nge7 12. Bb5 a6 13. Nxc6 Nxc6 14. Bxc6+ bxc6 15. Be3 Qb8 16. O-O Qxe5 17. Bd4 Qe4 18. c4 Qd3 19. cxd5 Qxd1 20. Rfxd1 cxd5
21. Bxg7 Bxg7 22. Nxg7+ Kf8 23. Nh5 Bg6 24. Nf4 Rxh4 25. Nxg6+ fxg6 26. f3 Ke7 27. Rd2 Rah8 28. Rad1 Rh1+ 29. Kg2 R1h2+ 30. Kg3 R8h3+
31. Kf4 g5+ 32. Ke3 Kd6 33. b4 Rxd2 34. Rxd2 e5 35. Rf2 Rh1 36. Rb2 d4+ 37. Kd3 Re1 38. Rb3 Kc6 39. Kc4 Rc1+ 40. Kd3 Kb5
41. Ra3 Kxb4 42. Rxa6 Rc3+ 43. Ke2 Re3+ 44. Kf2 Ra3 45. Rg6 Rxa2+ 46. Ke1 Kc3 47. Rxg5 d3 48. Rxe5 Ra1+ 49. Kf2 d2
0-1

[Event "Caro-Kann Blitz"]
[Site "SchemingMind.com"]
[Date "2007.12.19"]
[Round "-"]
[White "Shaka"]
[Black "badbishop"]
[Result "0-1"]
[WhiteCountry "VEN"]
[BlackCountry "POL"]
[WhiteElo "1694"]
[WhiteRD "67"]
[BlackElo "2236"]
[BlackRD "69"]
[GameID "134143"]

1. e4 c6 2. d4 d5 3. Nc3 dxe4 4. Nxe4 Bf5 5. Ng3 Bg6 6. h4 h6 7. Nf3 Nf6 8. Ne5 Bh7 9. Bc4 e6 10. c3 Nbd7
11. Qb3 Nxe5 12. dxe5 Nd7 13. Bf4 Nc5 14. Qd1 Bd3
0-1

[Event "Caro-Kann Blitz"]
[Site "SchemingMind.com"]
[Date "2007.12.19"]
[Round "-"]
[White "fouche"]
[Black "badbishop"]
[Result "0-1"]
[WhiteCountry "COL"]
[BlackCountry "POL"]
[WhiteElo "1612"]
[WhiteRD "59"]
[BlackElo "2236"]
[BlackRD "69"]
[GameID "134144"]

1. e4 c6 2. d4 d5 3. Nc3 dxe4 4. Nxe4 Bf5 5. Ng3 Bg6 6. Nf3 Nf6 7. h4 Nh5 8. Nxh5 Bxh5 9. Be2 e6 10. O-O Bxf3
11. Bxf3 Qxh4 12. c4 Nd7 13. d5 Qxc4 14. dxc6 bxc6 15. Be3 Rc8 16. b3 Qa6 17. Qc2 Be7 18. Rfd1 Nf6 19. Rac1 O-O 20. a4 Nd5
0-1

[Event "Caro-Kann Blitz"]
[Site "SchemingMind.com"]
[Date "2007.12.19"]
[Round "-"]
[White "Stavrogin"]
[Black "badbishop"]
[Result "1/2-1/2"]
[WhiteCountry "GER"]
[BlackCountry "POL"]
[WhiteElo "2159"]
[WhiteRD "74"]
[BlackElo "2236"]
[BlackRD "69"]
[GameID "134145"]

1. e4 c6 2. d4 d5 3. e5 Bf5 4. Nf3 e6 5. Be2 Nd7 6. O-O Ne7 7. Be3 Bg6 8. Nh4 c5 9. c3 Nc6 10. Nxg6 hxg6
11. Nd2 Be7 12. Re1 c4 13. b3 b5 14. a4 a6 15. Qc2 O-O 16. Ra2 Nb6 17. axb5 axb5 18. Rea1 Qc7 19. Rxa8 Rxa8 20. Rxa8+ Nxa8
21. b4= Qa7 22. Qb2 Qa4 23. Qc1 Nb6 24. Bd1 Qa2 25. Bc2 Na4 26. Nb1 Na7 27. Bd2 Nc8 28. Na3 Na7 29. Nb1 Nb2 30. Qf1 Nc8
31. Qe2 Nb6 32. Be3 Qa1 33. Bc1 N6a4 34. Bd2 Qa2 35. Bc1 Qa1 36. Bd2 Bf8 37. h3 Be7=
1/2-1/2